| 000 | 01171nam a22002897a 4500 | ||
|---|---|---|---|
| 001 | BRCA_9256 | ||
| 003 | FranzMayer | ||
| 005 | 20230717140117.0 | ||
| 008 | 230714b |||||||| |||| 00| 0 eng d | ||
| 020 | _a9786073022705 | ||
| 040 |
_aMFM _besp _cMFM |
||
| 041 | _aesp | ||
| 050 | 0 |
_aNC675.M49 _bU53 2021 |
|
| 110 | 1 |
_4Editorial _aUNAM _928724 |
|
| 240 | 1 |
_aDiseño para el desarrollo sostenible _hProyectos ganadores del Premio Nacional de Diseño: Diseña México 2019 _lesp-ing |
|
| 245 | 0 |
_aDiseño para el desarrollo sostenible _bProyectos ganadores del Premio Nacional de Diseño: Diseña México 2019 |
|
| 260 |
_aCDMX, México _bUNAM _c2021 |
||
| 300 |
_a1 v. _bIlustraciones a color _c22 cm |
||
| 500 | _aL60/N5 | ||
| 505 | 0 | _aDestinado a: Diseñadores, artistas, fotógrafos, museógrafos, historiadores, investigadoresTexto en: Español e inglés.Incluye índice (temático) | |
| 610 | 1 |
_2Editorial _aUNAM _928725 |
|
| 650 | 1 |
_2Diseño _aArte _vInnovación _xMéxico _928726 |
|
| 651 | 2 |
_2Diseñadores _aPremios _vMéxico _928727 |
|
| 700 | 1 |
_4Ed y Dis _aFrías Peña, Julio _928728 |
|
| 700 | 1 |
_4Dis. _aMoreno Arévalo, Georgina _928729 |
|
| 942 |
_2lcc _cB |
||
| 999 |
_c10875 _d10875 |
||